Statistics for Extinct Animals

Click here to take the quiz!

General Stats

  • This quiz has been taken 19,800 times
  • The average score is 7 of 18

Answer Stats

Description Range Extinction Animal % Correct
Predatory dinosaur with tiny armsNorth America, Asia65 million BCTyrannosaurus
95%
Flightless birdMauritius1662Dodo
94%
Shaggy elephantSiberia, Alaska1700 BCWoolly Mammoth
83%
Three-horned dinosaurNorth America, Asia65 million BCTriceratops
82%
Jurassic Park predatorAsia71 million BCVelociraptor
72%
Big cat with prominent caninesAll continents9,000 BCSaber-toothed cat
67%
Human's closest relativesEurope, Middle East30,000 BCNeanderthal
55%
50 foot long sharkAll oceans1.5 million BCMegalodon
42%
Carnivorous marsupialTasmania, Australia, New Guinea1936Tasmanian Tiger
28%
12 foot tall flightless birdNew Zealand1400Moa
23%
Bird that flocked in huge numbersEastern US and Canada1914Passenger Pigeon
21%
Marine arthropod and common fossilAll oceans250 million BCTrilobite
18%
20 foot long mammalSouth and Central America8,000 BCGiant Sloth
11%
Half-striped zebraSouthern Africa1883Quagga
10%
Ancestor of modern cattleEurope, Asia, North Africa1627Auroch
10%
Large puffin relativeNorth Atlantic1852Great Auk
7%
Deer with 12 foot antlersNorthern Eurasia9,000 BCIrish Elk
7%
Huge manatee relativeNorth Pacific1768Steller's Sea Cow
5%

Score Distribution

Percentile by Number Answered

Percent of People with Each Score

Your Score History

You have not taken this quiz